Normal view
MARC view
- Graham Evans ; Jeffrey Newnham
Entry Personal Name
001 - CONTROL NUMBER
- control field: 9299
003 - CONTROL NUMBER IDENTIFIER
- control field: NUST
005 - DATE AND TIME OF LATEST TRANSACTION
- control field: 20180120160421.0
008 - FIXED-LENGTH DATA ELEMENTS
- fixed length control field: 180120|| aca||aabn | a|a d
040 ## - CATALOGING SOURCE
- Original cataloging agency: NUST
- Transcribing agency: NUST
100 ## - HEADING--PERSONAL NAME
- Personal name: Graham Evans ; Jeffrey Newnham
670 ## - SOURCE DATA FOUND
- Source citation: Work cat.: (NUST)321155: Graham Evans ; Jeffrey Newnham, The Penguin Dictionary of International Relations, 1998
